寂光與烈焰
| 資料類型: | 圖書 | 書目號: | 50917 |
Leader xxxxxxxxxx 001 __ 102447/9/01 005 __ 20170410105844.641 010 0_ |a978-986-387-101-9|b平裝|d新臺幣599元 042 __ |anbic 100 __ |a20170410d2016 m y0chiy50 e 101 0_ |achi 102 __ |atw 105 __ |ay z 000ay 200 1_ |a寂光與烈焰|f成英姝著 205 __ |a初版 210 __ |a新北市中和區|cINK印刻文學出版|d2016[民105] 215 0_ |a604面|d21公分 225 12 |a印刻文學|v491 225 12 |a文學叢書|v491 700 _1 |a成|b英姝|4著 681 __ |a857.7|b8389 801 _0 |atw|bLibDipper|c20170410|gCCR |